The Omer : (Record no. 15596)

MARC details
000 -LEADER
fixed length control field 00768nam a22002417a 4500
008 - FIXED-LENGTH DATA ELEMENTS--GENERAL INFORMATION
fixed length control field 230927b |||||||| |||| 00| 0 eng d
017 ## - LEGAL DEPOSIT NUMBER
Legal deposit number LD.2472
018 ## - LEGAL DEPOSIT YEAR
LDD Year 2025
020 ## - INTERNATIONAL STANDARD BOOK NUMBER
ISBN 9789789995943
040 ## - CATALOGING SOURCE
Original cataloging agency NLN
Language of cataloging English
Description conventions AACR2
100 ## - MAIN ENTRY--AUTHOR
Author UZEZI, Judith
Relator term aut
245 ## - TITLE STATEMENT
Title The Omer :
Remainder of title your light portion of your daily devotional and prayers on the go! /
Statement of responsibility, etc Judith Uzezi
260 ## - PUBLICATION, DISTRIBUTION, ETC. (IMPRINT)
Place of publication Benin-city, Edo State (22 Benin Technical College Road, Ugbowo P.O.Box 5089) :
Name of publisher Mindex Publishing Company,
Date of publication 2022
300 ## - COLLATION
Pagination vi, 120p. ;
Other physical details 20cm
563 ## - BINDING INFORMATION
Binding note (pbk.)
650 ## - TRACINGS
Main Subject Devotional Calendars
650 ## - TRACINGS
Main Subject Christian life
650 ## - TRACINGS
Main Subject Prayers
942 ## - ADDED ENTRY ELEMENTS (KOHA)
Item type Books
Suppress in OPAC No
050 ## - LIBRARY OF CONGRESS CALL NUMBER
Classification number BV4811
Item number .U99
082 ## - DEWEY DECIMAL CLASSIFICATION NUMBER
Classification number 242.2
Holdings
Source of classification or shelving scheme Not for loan Home library Current library Date acquired Mode of acquisition Accession No. Full call number Barcode. Copy number Koha item type
Library of Congress Classification   BENIN BRANCH National Library of Nigeria 27/09/2023 Legal deposit 436939 BV4811 .U99 436939 1 Books
Library of Congress Classification   CALABAR BRANCH National Library of Nigeria 27/09/2023 Legal deposit 436940 BV4811 .U99 436940 1 Books
Library of Congress Classification   DAMATURU BRANCH National Library of Nigeria 27/09/2023 Legal deposit 436938 BV4811 .U99 436938 1 Books
Library of Congress Classification   ABUJA LIBRARY BRANCH National Library of Nigeria 18/10/2025 Legal deposit 460747 BV4811 .U99 460747 1 Books
Library of Congress Classification   BAUCHI BRANCH LIBRARY National Library of Nigeria 18/10/2025 Legal deposit 460748 BV4811 .U99 460748 1 Books
Library of Congress Classification   LAGOS BRANCH National Library of Nigeria 18/10/2025 Legal deposit 460746 BV4811 .U99 460746 1 Books

National Library of Nigeria OPAC is powered by Koha